000 00731cam a22002411 4500
001 he 67001899
003 DLC
005 20260227111450.0
008 840307s1967 is 000 0 heb
010 _ahe 67001899
035 _a(OCoLC)19151970
040 _aDLC
_cMH
_dDLC
041 1 _aheb
_hger
042 _apremarc
050 0 0 _aPT2034.H4
_bH37
100 1 _aGoethe, Johann Wolfgang von,
_d1749-1832.
240 1 0 _aHermann und Dorothea.
_lHebrew
245 1 0 _aHerman ṿe-Doroteʼah :
_bepopeʼah be-tishʻah shirim /
_ctirgem Yosef Likhṭenbom.
260 _a[Tel Aviv] :
_bAlef,
_c[1967]
300 _a109 p. :
_bill., port. ;
_c23 cm.
700 1 _aLichtenbaum, Joseph,
_d1895-1968,
_etr.
752 _aIsrael
_dTel Aviv
999 _c32677
_d32677